| 000 | 00756 a2200205 4500 | ||
|---|---|---|---|
| 005 | 20080827145533.0 | ||
| 008 | 080827t xxu||||| |||| 00| 0 eng d | ||
| 010 | _aENG-87287 | ||
| 020 | _c150.00 | ||
| 035 | _aEN-70820 | ||
| 037 | _bDBAD / PUB | ||
| 082 | _a133.58577 | ||
| 100 | _aHariharan, K | ||
| 245 |
_aStellar effects on human life _cby K. Hariharan |
||
| 260 |
_aChennai _bKrishnamurti Publications _c2006 |
||
| 270 | _aF21-A, First floo0r, Spencer Plaza, 769, Anna Road | ||
| 300 |
_a388 p. _c22 cm (Pbk.) |
||
| 942 |
_adpl _cEN _k133.58577/HAR _2ddc _h133.58577 _mHAR |
||
| 999 |
_c6348 _d6348 |
||